banner koha

Parenteral administration of vitamins A, D and E on the oxidative metabolism and function of polymorphonuclear leudocytes in swine (Registro n. 243009)

MARC details
000 -LÍDER
campo de controle de tamanho fixo 01023nas a2200337 4500
001 - NÚMERO DE CONTROLE
campo de controle BR2015001856
003 - IDENTIFICADOR DO NÚMERO DE CONTROLE
campo de controle BR-BrBNA
005 - DATA E HORÁRIO DA ÚLTIMA TRANSAÇÃO
campo de controle 20231205125152.0
007 - CAMPO FIXO DE DESCRIÇÃO FÍSICA--INFORMAÇÃO GERAL
campo de controle de tamanho fixo ta
008 - CAMPO DE DADOS FIXOS--INFORMAÇÃO GERAL
campo de controle de tamanho fixo 230509b bl.|||p| |||| 00| 00por d
040 ## - FONTE DA CATALOGAÇÃO
Instituição da catalogação original BR-BrBNA
Idioma da catalogação por
Instituição que transcreveu o registro Biblioteca Nacional de Agricultura
041 ## - CÓDIGO DE IDIOMA
Código do idioma do texto/trilha sonora ou título diferente (En)
072 ## - CÓDIGO DE CATEGORIA DE ASSUNTO
Código de Categoria de Assunto L01; L50
100 1# - ENTRADA PRINCIPAL--NOME PESSOAL
Nome pessoal Lima, A.S.
100 1# - ENTRADA PRINCIPAL--NOME PESSOAL
Nome pessoal Weigel, R.A.
100 1# - ENTRADA PRINCIPAL--NOME PESSOAL
Nome pessoal Morgado, A.A.
100 1# - ENTRADA PRINCIPAL--NOME PESSOAL
Nome pessoal Nunes, G.R.
100 1# - ENTRADA PRINCIPAL--NOME PESSOAL
Nome pessoal Souza, F.N.
100 1# - ENTRADA PRINCIPAL--NOME PESSOAL
Nome pessoal Moreno, A.M.
100 1# - ENTRADA PRINCIPAL--NOME PESSOAL
Nome pessoal Libera, A.M.M.P.D.
100 1# - ENTRADA PRINCIPAL--NOME PESSOAL
Nome pessoal Sucupira, M.C.A.
245 1# - TÍTULO
Título Parenteral administration of vitamins A, D and E on the oxidative metabolism and function of polymorphonuclear leudocytes in swine
650 ## - ASSUNTO--TERMO TÓPICO
Cabeçalho tópico ou nome geográfico SUÍNO
650 ## - ASSUNTO--TERMO TÓPICO
Cabeçalho tópico ou nome geográfico DESMAMA
650 ## - ASSUNTO--TERMO TÓPICO
Cabeçalho tópico ou nome geográfico BIOQUÍMICA
650 ## - ASSUNTO--TERMO TÓPICO
Cabeçalho tópico ou nome geográfico VITAMINA
650 ## - ASSUNTO--TERMO TÓPICO
Cabeçalho tópico ou nome geográfico GANHO DE PESO
773 0# - ENTRADA ANALÍTICA
Título Pesquisa Veterinária Brasileira (Brazil)
ISSN - International Standard Serial Number ISSN 0100-736X
Partes relacionadas (Aug 2012), v. 32(8) p. 727-734
Número de controle do registro BR2015001856
909 ## -
-- 202311
-- Lúcia
-- 55
-- Lúcia Elande
942 ## - ELEMENTOS DE ENTRADA ADICIONADOS (KOHA)
Fonte da classificação ou esquema de arquivamento na estante Classificação AGRIS
Ocultar no OPAC Não
Tipo de material Koha Analítica
Exemplares
Situação do descarte Fonte da classificação ou esquema de arquivamento na estante Situação física Não pode ser emprestado Biblioteca de origem Biblioteca atual Localização na estante Enumeração do periódico / cronologia Total de empréstimos Data de último acesso Número do exemplar Tipo de material Koha Fonte de aquisição
  Classificação AGRIS   Consulta local Biblioteca Nacional de Agricultura - Binagri Biblioteca Nacional de Agricultura - Binagri   (Aug 2012), v. 32(8) p. 727-734   29/11/2023 01 Periódicos Portaria Interministerial nº 164/94

BINAGRI

Telefone: (61)3218-2567/2388/3357/2097 - binagri@agro.gov.br

Ministério da Agricultura e Pecuária , Esplanada dos Ministérios, Bloco D, Anexo B, Brasília/DF, CEP: 70.043-900